000
00255nam a2200097Ia 4500
082
_a
T 331.702 SANN
245
0
_a
Childcare worker
100
_a
SANNA, Ellyn Broomall, Pa., 2003
_9
66827
942
_c
BK
008
210817s9999 xx 000 0 und d
999
_c
214713
_d
214711